000 00487nam a2200157 i 4500
001 92413
003 ES-MaACL
005 20230906180951.0
007 t|
008 050307s1931 ag ||||1| spa d
100 1 _aLillo Catalán, V.
_972295
245 1 3 _aEl voluntario ( Le Gamellard )
_b: Pieza dramática en 3 actos; (La gran guerra 1914-1915) /
_cV. Lillo Catalán.
260 _aBuenos Aires :
_bGarcia R. C.,
_c1931.
300 _a64 p. ;
_c22 cm.
852 _aES-MaACL
_j1762-F-15
999 _c92413
_d92413